000 00992cam a2200265 4500
008 020909n2002 000 0 eng u
020 _a0273661094
035 _a(Sirsi) u119626
041 _aeng.
050 _a332.6324
100 _aRampley-Sturgeon, N.
245 _aBuying to rent : the key to your financial freedom
260 _aHarlow
_bFinancial Times Prentice Hall
_c2002
300 _ax,182p.
_c24cm.
350 _a15
520 _aOffers guidance for those considering buying-to-let on how to: finance your purchases and select the best mortgage; find good value property; understand letting in the UK holiday market; successfully buy-to-rent abroad; and create sustainable long-term income whatever the state of the housing market.
650 _aBUY-TO-LET
650 _aLETTINGS MARKET
650 _aHOLIDAY HOMES
650 _aHOLIDAY LETTINGS
650 _aPROPERTY INVESTMENT
650 _aProperty management
_96262
690 _aINVESTMENT
942 _n0
999 _c102346
_d102346